000 00906nam0a2200301 4500
001 RU\NLR\bibl\78858
005 20250616103044.0
010 _a5-05-004944-Х
_965000
021 _aRU
_b2000-188п
_97п
035 _a(NLR Aleph) 000076985
090 _a427142
_c427142
100 _a20000405d2000 |||y0rusy50 ca
101 1 _arus
_ceng
102 _aRU
105 _ay |||||||||
200 1 _aМой дом там, где любимый
_eРоман
_fМарта Шилдз
_gПер. с англ. [А. Кудряшева]
210 _aМ.
_cРадуга
_d2000
215 _a186, [1] с.
_d17
225 1 _aЛюбовный роман
_v337
686 _aШ6(7США)67-40.4
700 1 _aШилдз
_bМ.
_gМарта
_4070
801 0 _aRU
_bNLR
_c20000405
_gPSBO
801 1 _aRU
_bNLR
_c20000405
852 _aNLR
_j2000-2/71
942 _cBOOK
980 _aNB